000
003330000a22001450004500
005
20120302054448.0
942
_c
BOOK
245
_a
Kalyan-GoAnka Parishishtaanka:Anka 5
260
_a
Gorakhpur:Geeta,1953.
300
_a
997-1056p.
040
_a
HIN
650
_a
Sankirna
650
_a
Maasik-Sankirna
650
_a
Goanka-Kalyan
999
_c
345695
_d
345692